MyGZULibrary

The Fortune encyclopedia of economics / (Record no. 1327)

MARC details
000 -LEADER
fixed length control field 00954pam a2200277 a 4500
001 - CONTROL NUMBER
control field 1090244
003 - CONTROL NUMBER IDENTIFIER
control field GZU
005 - DATE AND TIME OF LATEST TRANSACTION
control field 20201007103336.0
008 - FIXED-LENGTH DATA ELEMENTS--GENERAL INFORMATION
fixed length control field 920626s1993 nyua be 001 0 eng
010 ## - LIBRARY OF CONGRESS CONTROL NUMBER
LC control number 92050535
020 ## - INTERNATIONAL STANDARD BOOK NUMBER
International Standard Book Number 0446516376 :
Terms of availability $49.95 ($59.95 in Canada)
040 ## - CATALOGING SOURCE
Original cataloging agency DLC
Transcribing agency DLC
Modifying agency DLC
050 00 - LIBRARY OF CONGRESS CALL NUMBER
Classification number HB61
Item number .F67 1993
082 00 - DEWEY DECIMAL CLASSIFICATION NUMBER
Classification number 330/.03
Edition number 20
245 04 - TITLE STATEMENT
Title The Fortune encyclopedia of economics /
Statement of responsibility, etc. edited by David R. Henderson.
260 ## - PUBLICATION, DISTRIBUTION, ETC.
Place of publication, distribution, etc. New York :
Name of publisher, distributor, etc. Warner Books,
Date of publication, distribution, etc. c1993.
300 ## - PHYSICAL DESCRIPTION
Extent xx, 876 p. :
Other physical details ill. ;
Dimensions 25 cm.
504 ## - BIBLIOGRAPHY, ETC. NOTE
Bibliography, etc. note Includes bibliographical references and index.
650 #0 - SUBJECT ADDED ENTRY--TOPICAL TERM
Topical term or geographic name entry element Economics
General subdivision Encyclopedias.
700 1# - ADDED ENTRY--PERSONAL NAME
Personal name Henderson, David, R.
730 0# - ADDED ENTRY--UNIFORM TITLE
Uniform title Fortune.
740 0# - ADDED ENTRY--UNCONTROLLED RELATED/ANALYTICAL TITLE
Uncontrolled related/analytical title Encyclopedia of economics.
906 ## - LOCAL DATA ELEMENT F, LDF (RLIN)
a 7
b cbc
c orignew
d 1
e ocip
f 19
g y-gencatlg
942 ## - ADDED ENTRY ELEMENTS (KOHA)
Source of classification or shelving scheme Library of Congress Classification
Koha item type Books
Classification part 61
Item part FOR
Call number prefix HB
Holdings
Withdrawn status Lost status Source of classification or shelving scheme Damaged status Not for loan Collection code Home library Current library Shelving location Date acquired Total Checkouts Full call number Barcode Date last seen Copy number Price effective from Koha item type
    Library of Congress Classification     Non-fiction City Campus Library City Campus Library General Stacks 10/07/2020   HB 61 FOR 1993 004628 10/07/2020 C .1 10/07/2020 Books